| 000 | 00461nam a2200169Ia 4500 | ||
|---|---|---|---|
| 005 | 20250508154901.0 | ||
| 008 | 008 250505s9999 xx 000 0 hin d | ||
| 037 | _aBooks to be hide in OPAC | ||
| 040 |
_aFEDL _beng _cFEDL |
||
| 041 |
_ahin _2eng |
||
| 084 |
_a371.3, MAT/O _qFEDL |
||
| 100 |
_aMathur S S _9762455 |
||
| 245 | 0 | _aShikshan kala awam naveen padhtiya | |
| 300 | _a388p. | ||
| 942 |
_cHB _h371.3, MAT/O |
||
| 999 |
_c1352610 _d1352610 |
||